| 000 | 00656nab a2200229 a 4500 | ||
|---|---|---|---|
| 005 | 20210219162101.0 | ||
| 008 | 991125s1985 mx 000 0 spa u | ||
| 035 | _aUPN01000197526 | ||
| 049 | _aART | ||
| 100 | 1 | _aSastre, Paz | |
| 222 | _aREVISTA DE ESTUDIOS DE JUVENTUD | ||
| 245 | _aEl amante bilingüe : máquinas, diseño, copia y mercado | ||
| 260 | _aEspaña | ||
| 300 | _a141-152 | ||
| 362 | 0 | _a2013 No. 102, sept. | |
| 653 | 0 | _aDISEÑO | |
| 653 | 0 | _aPUBLICIDAD | |
| 653 | 0 | _aSOFTWARE LIBRE | |
| 653 | 0 | _aARTE DIGITAL | |
| 856 | 1 | _uhttp://www.injuve.es/sites/default/files/2014/02/publicaciones/Revista102_0.pdf | |
| 905 | _aArticulo | ||
| 999 |
_c169627 _d169627 |
||